|
|
|
|
| LEADER |
00000naa2a2200000 4500 |
| 001 |
83427 |
| 005 |
20231031100200.0 |
| 035 |
|
|
|a (RuTPU)RU\TPU\book\89684
|
| 090 |
|
|
|a 83427
|
| 100 |
|
|
|a 20051017d2005 k y0rusy50 ca
|
| 101 |
0 |
|
|a rus
|
| 102 |
|
|
|a RU
|
| 200 |
1 |
|
|a Математическое моделирование процесса десублимации UF6 в контейнерах "48Y", "48G" и ёмкостях черт.322-06-0012
|f А. А. Орлов, С. М. Кошелев, В. И. Вандышев и др.
|
| 320 |
|
|
|a Библиогр.: 3 назв.
|
| 463 |
|
0 |
|0 (RuTPU)RU\TPU\book\86598
|y 5-7262-0526-S
|t Физико-технические проблемы атомной энергетики и промышленности
|o III Международная научно-практическая конференция, 7-8 июня 2005 г., Томск
|o сборник тезисов докладов
|f Томский политехнический университет
|v С. 127.
|d 2005
|p 190 с.
|
| 610 |
1 |
|
|a математическое моделирование
|
| 610 |
1 |
|
|a десублимация
|
| 610 |
1 |
|
|a моделирование процессов
|
| 610 |
1 |
|
|a контейнеры
|
| 610 |
1 |
|
|a труды учёных ТПУ
|
| 701 |
|
1 |
|a Орлов
|b А. А.
|
| 701 |
|
1 |
|a Кошелев
|b С. М.
|
| 701 |
|
1 |
|a Вандышев
|b В. И.
|
| 701 |
|
1 |
|a Чернов
|b Л. Г.
|
| 701 |
|
1 |
|a Черепанов
|b В. А.
|
| 701 |
|
1 |
|a Гордиенко
|b В. С.
|
| 801 |
|
1 |
|a RU
|b 63413507
|c 20051017
|g PSBO
|
| 942 |
|
|
|c BK
|